| 000 | 00452nam a22001697a 4500 | ||
|---|---|---|---|
| 003 | CEME | ||
| 005 | 20210628203155.0 | ||
| 008 | 210419b xxu||||| |||| 00| 0 eng d | ||
| 020 | _a0-671-72934-9 | ||
| 040 | _c. | ||
| 082 | _a923.1 RIC'H | ||
| 100 |
_aRichard, Nixon _99108 |
||
| 245 | _aRichard nixon in the arena , a memoir of victory efeat and renewal | ||
| 260 |
_aRAWALPINDI _bARMY EDUCATION PRESS _c1990 |
||
| 300 | _a450P | ||
| 942 |
_cBK _2ddc |
||
| 999 |
_c572489 _d572489 |
||